03066nam a2200409 4500003000400000005001700004008004100021020001800062040000700080245010300087260004000190300001900230310001400249362001700263505024900280505012600529505015200655505007900807505012700886505010401013505010601117505014701223505010601370505009401476505018701570505009101757505014501848505009301993505021802086505016202304650002102466650002802487700002802515700003802543700003902581700003602620OSt20260421133149.0190228c xxuf||p| |||| 00| 0 spa d a9789873047527 cPJ10aRevista de derecho procesal :binteligencia artificial y proceso /ceditor Roland Arazi...[et al.] aSanta Fe:bRubinzal-Culzoni,c2025. a692 p.c23 cm. asemestral aNo. 1 (2023) tConsideraciones para la incorporación de la inteligencia artificial en el proceso judicial /r Lola C. S. Rivero, Marcela E. González, Pablo D. Sinopoli, Santiago T. Saponara, Emiliano L. Lizarraga y Lukas A. Musfeldt Director de semillero. tInteligencia artificial y proceso. ¿asistencia o agencia? - desafíos éticos y funcionales /rGuillermo R. Cosentino. t¿hacia una nueva justicia? - la implementación de la inteligencia artificial en la gestión judicial y en los contratos /rJuan Manuel Rodrigo. tEl derecho procesal frente a la inteligencia artificial /rJorge A. Rojas. tEvolución de la justicia: la inteligencia artificial como impulso para reformas procesales eficientes /rLara Morquecho. tLas garantías constitucionales como límite a la justicia algorítmica /rDaniela I. M. Piombo. tInteligencia artificial y debido proceso. un enfoque de derechos humanos /rMaría Melisa Puliafito. tIA y prueba: ¿fuente, medio, asistente en la valoración judicial o todo a la vez? /rAlejandro Bérgamo Scarso y Germán Augusto Degano.  tLa prueba de turing en el ámbito jurídico procesal /rAndrea Ledesma Piga y Santiago Bustos Ruiz. tValoración probatoria con inteligencia artificial generativa /rJosé Osvaldo Ledesma. tDel algoritmo al veredicto - un breve análisis sobre el uso de la inteligencia artificial generativa en la redacción de sentencias judiciales /rDamián Alejandro Mariani Reola. tInterpretación decisoria y uso de la inteligencia artificial /rGonzalo Saráchaga. tLa inteligencia artificial como herramienta para garantizar el derecho a ser juzgado dentro de un plazo razonable /rSergio Nicolás Jalil. tInteligencia artificial, proceso y superiores tribunales de justicia /rAndrea A. Meroi. tLa posible implementación de la inteligencia artificial para la efectivización de las decisiones judiciales en materia de familia. automatización de documentos judiciales /rMaría Celeste del Huerto Silva. tInteligencia artificial, métodos alternativos de resolución de conflictos y mediación: un impulso al acceso a la justicia /rAdrián Víctor Bugvila. 0aDERECHO PROCESAL 0aINTELIGENCIA ARTIFICIAL aArazi, Rolandedirector aBerizonce, Roberto Omaredirector aFalcón, Enrique Manueledirector aPeyrano, Jorge Walteredirector